| 000 | 00647nam a22001937a 4500 | ||
|---|---|---|---|
| 005 | 20170912170021.0 | ||
| 008 | 170912b xxu||||| |||| 00| 0 eng d | ||
| 010 | _aENG-120264 | ||
| 020 |
_a9788183821124 _c295.00 |
||
| 035 | _aEN-103796 | ||
| 037 | _bDBAD/PUB | ||
| 082 | _a230.22 | ||
| 100 | _aDubois,Abbe J.A. | ||
| 245 |
_aHindu social system first famous study / _cby Abbe J.A. Dubouis |
||
| 260 |
_aNew Delhi _bLotus Press _c2014 |
||
| 270 |
_aUnit N0-220,Second floor, 4735/22, Prakash Deep Building,Ansari Road Darya ganj _bNew Delhi _e110002 |
||
| 300 |
_axx,304p. _c22cm (pbk) |
||
| 942 |
_2ddc _cEN _h230.22 _mDUB |
||
| 999 |
_c144413 _d144413 |
||